ԳԵՐՄԱՆԻՈՅ ԵԿԵՂԵՑԱԿԱՆ ԴԻՊՈՒԱԾՆԵՐԸ (Record no. 7)
[ view plain ]
| 000 -LEADER | |
|---|---|
| fixed length control field | 01465nas a2200301 a 4500 |
| 001 - CONTROL NUMBER | |
| control field | VMC034 |
| 003 - CONTROL NUMBER IDENTIFIER | |
| control field | MEC |
| 005 - DATE AND TIME OF LATEST TRANSACTION | |
| control field | 20260525170735.0 |
| 008 - FIXED-LENGTH DATA ELEMENTS--GENERAL INFORMATION | |
| fixed length control field | 150611u184618uutu u||p||| || ||arm|d |
| 040 ## - CATALOGING SOURCE | |
| Transcribing agency | AM-YeHGA |
| Original cataloging agency | AM-YeHGA |
| 041 0# - LANGUAGE CODE | |
| Language code of text/sound track or separate title | arm |
| 245 00 - TITLE STATEMENT | |
| Title | ԳԵՐՄԱՆԻՈՅ ԵԿԵՂԵՑԱԿԱՆ ԴԻՊՈՒԱԾՆԵՐԸ |
| 260 ## - PUBLICATION, DISTRIBUTION, ETC. | |
| Place of publication, distribution, etc. | Զմիւռնիա : |
| Name of publisher, distributor, etc. | Ա.հ., |
| Date of publication, distribution, etc. | 1846. |
| 300 ## - PHYSICAL DESCRIPTION | |
| Extent | 24 երես. |
| Dimensions | 28 x 19 սմ |
| 500 ## - GENERAL NOTE | |
| General note | Թերթին բովանդակութիւնը կը վկայէ՝ որ հայ-բողոքական հասարակութեան կողմանէ հրատարակուած է։ |
| 546 ## - LANGUAGE NOTE | |
| Language note | Բնագիրը՝ հայերէն |
| 563 ## - BINDING INFORMATION | |
| Binding note | Կազմուած եւ ամփոփուած 1 թղթածրարում, դասիչն է՝ <b>2349 / L . XI. 5</b>: Ընդամէնը մէկ թիւ՝ <a href="https://arar.sci.am/dlibra/publication/296081/edition/271714?language=hyw" target="_blank"><b> 1846 թ. </b></a>՝ 32 թերթ։ <br/> |
| 650 #4 - SUBJECT ADDED ENTRY--TOPICAL TERM | |
| Topical term or geographic name entry element | Սոցիալ տնտեսական կեանք |
| Chronological subdivision | XIX դ |
| -- | 1846 |
| Form subdivision | Պարբերականներ |
| 650 #4 - SUBJECT ADDED ENTRY--TOPICAL TERM | |
| Topical term or geographic name entry element | առանց տպարանի |
| 651 #4 - SUBJECT ADDED ENTRY--GEOGRAPHIC NAME | |
| Geographic name | Իզմիր (Զմիւռնիա) |
| 651 #4 - SUBJECT ADDED ENTRY--GEOGRAPHIC NAME | |
| Geographic name | Թուրքիա |
| 651 #4 - SUBJECT ADDED ENTRY--GEOGRAPHIC NAME | |
| Geographic name | Եւրոպա |
| 653 ## - INDEX TERM--UNCONTROLLED | |
| Uncontrolled term | առանց հրատարակչի |
| 655 #4 - INDEX TERM--GENRE/FORM | |
| Genre/form data or focus term | Ամսագիր |
| 856 ## - ELECTRONIC LOCATION AND ACCESS | |
| Link text | Կարդալ առցանց - Read Online - Online lesen - Leggi online |
| Uniform Resource Identifier | <a href="https://arar.sci.am/dlibra/publication/296080?language=hyw#structure">https://arar.sci.am/dlibra/publication/296080?language=hyw#structure</a> |
| 942 ## - ADDED ENTRY ELEMENTS (KOHA) | |
| Source of classification or shelving scheme | Universal Decimal Classification |
| Koha item type | Ամսագրեր / Periodicals |
| Suppress in OPAC | No |
No items available.
ՎԻԵՆՆԱՅԻ ՄԵՆԱՍՏԱՆԻՆ մամուլին շտեմարանը = THE VIENNA Congregation Periodicals Portal